LIBRARY & INFORMATION CENTRE, KCAET, TAVANUR

ONLINE PUBLIC ACCESS CATALOGUE (OPAC)

Wild flower gardening / (Record no. 4750)

MARC details
000 -LEADER
fixed length control field 00434cam a2200169ua 4500
041 ## - LANGUAGE CODE
Language code of text/sound track or separate title eng
082 ## - DEWEY DECIMAL CLASSIFICATION NUMBER
Classification number 635.9676
Item number CRO/WI
100 ## - MAIN ENTRY--AUTHOR NAME
Personal name Crockett, Jamesunderwood .
245 ## - TITLE STATEMENT
Title Wild flower gardening /
250 ## - EDITION STATEMENT
Edition statement 1 /
260 ## - PUBLICATION, DISTRIBUTION, ETC. (IMPRINT)
Place of publication Virginia :
Name of publisher Time life books ,
Year of publication 1988.
300 ## - PHYSICAL DESCRIPTION
Number of Pages 160 ; .
500 ## - GENERAL NOTE
General note ** Reference
942 ## - ADDED ENTRY ELEMENTS (KOHA)
Koha item type Books

No items available.

free website counter